00740 2200241 4500001002100000005001500021035002000036007000300056008004100059040001700100100002600117245011000143300003000253504002400283041000800307082001000315084001600325090002000341260008400361650002100445850001000466990002200476INLIS00000000000296420260529114818 a0010-1220000012ta260529 0  aSBPUPADbind0 aRosa Vivien Ratnawati1 aPedoman Pengelolaan Sampah Berbasis Desa /cKementerian Lingkungan Hidup dan Kehutanan Republik Indonesia a67 hlm. :bilus. ;c20 cm aBibliografi, hlm 690 aind a367.3 a367.3 PED p a367.3 PED p 7-7 a.--Panam :bKementrian Lingkungan Hidup dan Kehutanan Republik Indonesia,c2020 4aLingkungan Hidup aPUPAD a34.931/S/DPK/2020